El derecho de la mujer : (Record no. 38793)

MARC details
000 -LEADER
campo de control de longitud fija 00851nam a2200217 i 4500
001 - NÚMERO DE CONTROL
campo de control 38793
003 - IDENTIFICADOR DE NÚMERO DE CONTROL
campo de control ES-MaACL
005 - FECHA Y HORA DE LA ÚLTIMA TRANSACCIÓN
campo de control 20231218195701.0
007 - CAMPO FIJO DE DESCRIPCIÓN FÍSICA--INFORMACIÓN GENERAL
campo de control de longitud fija t|
008 - DATOS DE LONGITUD FIJA--INFORMACIÓN GENERAL
campo de control de longitud fija 030226s1936 sp ||||1| spa d
080 ## - NÚMERO DE LA CLASIFICACIÓN DECIMAL UNIVERSAL
Número de la Clasificación Decimal Universal 305-055.2(460)"19"
080 ## - NÚMERO DE LA CLASIFICACIÓN DECIMAL UNIVERSAL
Número de la Clasificación Decimal Universal 347.15/.17-055.2(460)"19"
100 1# - ENTRADA PRINCIPAL--NOMBRE DE PERSONA
Nombre de persona Campoamor, Clara,
Fechas asociadas al nombre 1888-1972
9 (RLIN) 34230
245 13 - MENCIÓN DEL TÍTULO
Título El derecho de la mujer :
Resto del título La mujer y su nuevo ambiente ; La nueva mujer ante el derecho ; Antes de que te cases /
Mención de responsabilidad, etc. por Clara Campoamor.
260 ## - PUBLICACIÓN, DISTRIBUCIÓN, ETC.
Lugar de publicación, distribución, etc. Madrid :
Nombre del editor, distribuidor, etc. Librería Beltrán,
Fecha de publicación, distribución, etc. [1936] (
Fabricante Torrent)
300 ## - DESCRIPCIÓN FÍSICA
Extensión 171 p. ;
Dimensiones 19 cm.
650 #4 - PUNTO DE ACCESO ADICIONAL DE MATERIA--TÉRMINO DE MATERIA
Término de materia o nombre geográfico como elemento de entrada Mujeres-
Subdivisión geográfica España-
Subdivisión general Situación social.
9 (RLIN) 15284
650 #4 - PUNTO DE ACCESO ADICIONAL DE MATERIA--TÉRMINO DE MATERIA
Término de materia o nombre geográfico como elemento de entrada Mujeres-
Subdivisión general Estatuto jurídico-
Subdivisión geográfica España.
9 (RLIN) 15286
852 4# - LOCALIZACIÓN
Ubicación ES-MaACL
Número de control de estantería C-51117
Nota libre - Anotación autógrafa de la autora: "Recuerdo de 1936, Clara"
Holdings
Estatus retirado Estado de pérdida Estado de daño No para préstamo Biblioteca de origen Biblioteca actual Ubicación en estantería Fecha de adquisición Fuente de adquisición Total de préstamos Signatura topográfica completa Código de barras Visto por última vez Precio de reemplazo Tipo de ítem Koha
        Biblioteca del Ateneo de Madrid Biblioteca del Ateneo de Madrid Depósito 2 17/01/2008     C-51117 1040849 23/02/2023 23/02/2023 Libro impreso